| 000 | 01335nam a2200241 a 4500 | ||
|---|---|---|---|
| 001 | 000016680 | ||
| 005 | 20200929164939.0 | ||
| 008 | 100309s1999 es ac 001 0 spa d | ||
| 020 | _a8432026700 (Obra completa) | ||
| 040 |
_aDO-SdBNP _bspa _cBNPHU |
||
| 082 |
_aR809 _bR594h, 1999 |
||
| 100 | 1 |
_aRiquer, Martín de _d1914- _937029 |
|
| 245 | 1 | 0 |
_aHistoria de la literatura universal: / : _bcon textos antológicos y resúmenes argumentales / _cMartín de Riquer, José María Valverde. |
| 250 | _a6a ed. | ||
| 260 |
_aBarcelona, España : _bPlaneta, _c1999. |
||
| 300 |
_a10 v. : _bil., retrs. ; _c28 cm. |
||
| 504 | _aIncluye referencias bibliográficas y notas al pie de las páginas | ||
| 505 | 2 | _av.1. La literatura antigua en griego y en latín -- v.2. Literaturas medievales de transmisión oral -- v.3. Literaturas medievales de transmisión escrita --v. 4. El renacimiento desde sus preliminares -- v.5. Reforma contrarreforma y barroco -- v.6. Edad de la Razón y prerromanticismo -- v.7. Romanticismo y realismo --v. 8 La entrada en el Siglo XX -- v. 9. De las vanguardias a nuestros días (I) -- v. 10. De las vanguardias a nuestros días (II). | |
| 650 | 4 |
_aLiteratura _xHistoria crítica _937030 |
|
| 700 | 1 |
_aValverde, José María _d1926-1996 _937031 |
|
| 910 | _aValidado. Control de calidad BNPHU | ||
| 049 | _aBNPD | ||
| 999 |
_c16213 _d16213 |
||